HODNOTOVÉ ORIENTACE V INTEGRACI ROMSKÝCH DĚTÍ DO ČESKÉ ŠKOLY

Bibliographic Details
Main Author: Čížková, Jitka (Author)
Format: Article
Language:Czech
ISBN:8080680221
Subjects:

MARC

LEADER 00000naa a2200000 a 4500
001 vtls011852491
003 SK-MaSNL
005 20260302134503.0
008 220810|2001 xo |||||||||||||||||cze|
015 |a SNBCL 
035 |a (urnnbn)urn:nbn:sk:snk:ar-a0avbi 
035 |a urn:nbn:sk:snk-aaw75w 
035 |a (uuid)f64903fa-7b9c-40bc-ad0a-02d59d02bff2 
040 |a SNKBUCL  |b slo  |c SNKBUCL  |e AACR2 
041 |a cze 
044 |a xo  |c SK 
100 1 |a Čížková, Jitka  |4 aut  |9 822159 
245 1 0 |a HODNOTOVÉ ORIENTACE V INTEGRACI ROMSKÝCH DĚTÍ DO ČESKÉ ŠKOLY  |c Jitka Čížková 
655 7 |a články zo zborníkov  |2 snkbucl  |9 166140 
773 0 |t Rómske etnikum v systéme multikultúrnej edukácie  |d Prešov : Prešovská univerzita, 2001  |g S. 63-67  |z 8080680221 
954 |a odborná, vedecká literatúra cudzojazyčná (svetová)  |2 lita 
958 |a OND 
958 |a article26 
958 |a chapter 
999 |c 1322113  |d 1324043